Lönnfallet, southernmost part of the export field at Grängesberg, (Record no. 27720)

MARC details
000 -LEADER
fixed length control field 01106cam a22002771 4500
001 - CONTROL NUMBER
control field gs 41000088
003 - CONTROL NUMBER IDENTIFIER
control field DLC
005 - DATE AND TIME OF LATEST TRANSACTION
control field 20260227111346.0
008 - FIXED-LENGTH DATA ELEMENTS--GENERAL INFORMATION
fixed length control field 891025s1939 sw af b 000 0 eng c
010 ## - LIBRARY OF CONGRESS CONTROL NUMBER
LC control number gs 41000088
035 ## - SYSTEM CONTROL NUMBER
System control number (OCoLC)20546807
040 ## - CATALOGING SOURCE
Original cataloging agency U.S. Geol. survey. Library
Transcribing agency CU
Modifying agency CU
-- DLC
042 ## - AUTHENTICATION CODE
Authentication code premarc
050 00 - LIBRARY OF CONGRESS CALL NUMBER
Classification number QE282
Item number .A3 ser. C, no. 428
082 ## - DEWEY DECIMAL CLASSIFICATION NUMBER
Classification number 554.85 s
100 1# - MAIN ENTRY--PERSONAL NAME
Personal name Looström, Ragnar.
245 10 - TITLE STATEMENT
Title Lönnfallet, southernmost part of the export field at Grängesberg,
Statement of responsibility, etc. by Ragnar Looström. With 3 plates.
260 ## - PUBLICATION, DISTRIBUTION, ETC.
Place of publication, distribution, etc. Stockholm,
Name of publisher, distributor, etc. Kungl. Boktryckeriet, P.A. Norstedt & Söner,
Date of publication, distribution, etc. 1939.
300 ## - PHYSICAL DESCRIPTION
Extent 30 p.
Other physical details illus., plates, diagrs. (3 fold. in pocket)
Dimensions 24 cm.
490 1# - SERIES STATEMENT
Series statement [Sweden] Sveriges geologiska undersökning. Ser. c. Avhandlingar och uppsatser.
Volume/sequential designation n:o 428. Årsbok 33 (1939) n:o 8
504 ## - BIBLIOGRAPHY, ETC. NOTE
Bibliography, etc. note Bibliographical foot-notes.
650 #0 - SUBJECT ADDED ENTRY--TOPICAL TERM
Topical term or geographic name entry element Geology
Geographic subdivision Sweden
-- Grängesberg.
650 #0 - SUBJECT ADDED ENTRY--TOPICAL TERM
Topical term or geographic name entry element Iron ores
Geographic subdivision Sweden
-- Grängesberg.
830 #0 - SERIES ADDED ENTRY--UNIFORM TITLE
Uniform title Ser. C--Avhandlingar och uppsatser.
Volume/sequential designation n:o 428.
830 #0 - SERIES ADDED ENTRY--UNIFORM TITLE
Uniform title Årsbok (Sveriges geologiska undersökning) ;
Volume/sequential designation 33 : n:o 8.

No items available.

Powered by Koha